| 000 | 02812nam a22003497a 4500 | ||
|---|---|---|---|
| 005 | 20110804101144.0 | ||
| 010 | _aENG-103215 B-457851-860 | ||
| 020 |
_a9788183822565 _c125.00 |
||
| 035 | _aEN-86748 B-457851-860 | ||
| 037 | _bDBAD / PUB | ||
| 037 | _bK.K.Pub/Ven | ||
| 082 | _a646.72 | ||
| 100 |
_aSharma, Rajeev _948677 |
||
| 245 |
_aBody and beauty care / _cby Rajeev Sharma |
||
| 260 |
_aNew Delhi _bLotus Press _c2011 |
||
| 270 |
_a4263/3, Ansari Road, Darya Ganj _bNew Delhi _e110002 _k32903912,23280047 _mlotus_press@sify.com |
||
| 300 |
_a231p. : _c22cm (pbk) _bill. |
||
| 700 | _929871 | ||
| 942 |
_2ddc _cEN _mSHA _h646.72 |
||
| 999 |
_c54823 _d54823 |
||